The scheduled castes / (Record no. 179135)

MARC details
000 -LEADER
fixed length control field 00692nam a22002177a 4500
005 - DATE AND TIME OF LATEST TRANSACTION
control field 20210524145813.0
010 ## - LCCN (DPL NO)
LC control number B-739929
020 ## - INTERNATIONAL STANDARD BOOK NUMBER
International Standard Book Number 9780195648225
Terms of availability 965.00
035 ## - SYSTEM CONTROL NUMBER
System control number B-739929
037 ## - SOURCE OF ACQUISITION
Source of stock number/acquisition Gift
082 ## - DEWEY DECIMAL CLASSIFICATION NUMBER
Classification number 305.56
100 ## - MAIN ENTRY--PERSONAL NAME
Personal name K.S. Singh
245 ## - TITLE STATEMENT
Title The scheduled castes /
Statement of responsibility, etc by K.S. Singh
250 ## - EDITION STATEMENT
Edition statement rev. ed.
260 ## - PUBLICATION, DISTRIBUTION, ETC. (IMPRINT)
Place of publication, distribution, etc New Delhi
Name of publisher, distributor, etc Oxford University Press
Date of publication, distribution, etc 2012
270 ## - ADDRESS
Address YMCA Library Building, 1 Jai Singh Road
City New Delhi
Postal code 110001
300 ## - PHYSICAL DESCRIPTION
Extent xv, 1375p.
Dimensions 22cm(pbk)
490 ## - SERIES STATEMENT
Series statement People of India National Series
Volume number/sequential designation II
942 ## - ADDED ENTRY ELEMENTS (KOHA)
Source of classification or shelving scheme Dewey Decimal Classification
Item type English Books
Classification part 305.56
Call number suffix SIN
Holdings
Withdrawn status Lost status Not for loan Collection code Home library Current library Date acquired Source of acquisition Cost, normal purchase price Full call number Barcode Copy number Cost, replacement price Koha item type Public note
      Non-fiction Ashok Vihar Ashok Vihar 24/05/2021 Gift/Eng/03-05-2021 965.00 305.56 SIN B-739929 1 965.00 English Books Gift

© Delhi Public Library
Hit Counter
free hit counter